=LDR 00000nam 2200000 4500 =001 INLIS00000000000123 =005 20260702043538 =020 ##$$a 978-623-7764-09-0 =082 ##$$a 639.541 =100 1#$$a Slamet, Doni =245 1 $$a Wirausaha Desa Pesisir Unggul Budidaya Lobster Laut /$c Doni Slamet =300 ##$$a 56 ; 14,5 x 21 cm